LEADER 01260nam1-2200397---450- 001 990003387960203316 005 20100415144928.0 035 $a000338796 035 $aUSA01000338796 035 $a(ALEPH)000338796USA01 035 $a000338796 100 $a20100415d2004----km-y0itay50------ba 101 $aita 102 $aIT 105 $a||||||||001yy 200 1 $a<> comunicazione di pubblica utilità$fa cura di Stefano Rolando 210 $aMilano$cF. Angeli$dcopyr. 2004 215 $a2 v.$d23 cm 225 2 $aComunicazione di pubblica utilità 410 0$12001$aComunicazione di pubblica utilità 454 1$12001 461 1$1001-------$12001 463 \1$1001990003387970203316$12001 $a<>: Identità, politica, istituzioni, pubblica amministrazione 606 0 $aComunicazione pubblica$xServizi d'informazione$yItalia 676 $a353.00819 676 $a352.384 702 1$aROLANDO,$bStefano$f<1948- > 801 0$aIT$bsalbc$gISBD 912 $a990003387960203316 951 $aP08 2455/$bDISTRA 959 $aBK 969 $aDISTRA 979 $aDISTRA2$b90$c20100415$lUSA01$h1449 979 $aANNAMARIA$b90$c20110601$lUSA01$h1134 996 $aComunicazione di pubblica utilità$9736084 997 $aUNISA LEADER 01069nam0-22003371i-450- 001 990006567660403321 005 20100323132750.0 035 $a000656766 035 $aFED01000656766 035 $a(Aleph)000656766FED01 035 $a000656766 100 $a20010426d1958----km-y0itay50------ba 101 0 $aita 105 $ay-------001yy 200 1 $aRaccolta degli statuti dei partiti politici in Italia$econ un saggio introduttivo sulla regolazione del partito politico$fMario D'Antonio e Guglielmo Negri 210 $aMilano$cGiuffrè$d1958 215 $aXLVIII, 198 p.$d22 cm 700 1$aD'Antonio,$bMario$0120078 801 0$aIT$bUNINA$gRICA$2UNIMARC 901 $aBK 912 $a990006567660403321 952 $aSEZ.I I M 1$bSez.I 6$fFGBC 952 $aI M 44$b54101$fFGBC 952 $aI M 81$fFGBC 952 $aI M 68$b90024$fFGBC 952 $aXXX COD. 106$b11142$fFSPBC 952 $aXXX COD. 107$b10042$fFSPBC 959 $aFSPBC 959 $aFGBC 996 $aRaccolta degli statuti dei partiti politici in Italia$9624243 997 $aUNINA LEADER 04272oam 2201117 c 450 001 9910265141203321 005 20260302090207.0 010 $a9783839419373 010 $a3839419379 024 7 $a10.14361/transcript.9783839419373 035 $a(CKB)2550000001338041 035 $a(EBL)1918157 035 $a(SSID)ssj0001336184 035 $a(PQKBManifestationID)11747952 035 $a(PQKBTitleCode)TC0001336184 035 $a(PQKBWorkID)11295581 035 $a(PQKB)11139075 035 $a(MiAaPQ)EBC1918157 035 $a(DE-B1597)395154 035 $a(OCoLC)905856199 035 $a(OCoLC)979816907 035 $a(DE-B1597)9783839419373 035 $a(MiAaPQ)EBC6695202 035 $a(Au-PeEL)EBL6695202 035 $a(OCoLC)885021678 035 $a(ScCtBLL)05479702-33e9-4258-bbe1-5f406ff4dbf5 035 $a(transcript Verlag)9783839419373 035 $a(oapen)https://directory.doabooks.org/handle/20.500.12854/37551 035 $a(Perlego)1463015 035 $a(EXLCZ)992550000001338041 100 $a20260302h20142012 uy 0 101 0 $ager 135 $aur|n|---||||| 181 $ctxt 182 $cc 183 $acr 200 10$aHomo militaris$ePerspektiven einer kritischen Militärsoziologie$fUlrich vom Hagen 205 $a1st ed. 210 $aBielefeld$ctranscript Verlag$d2014 210 $d2014, c2012 215 $a1 online resource (317 p.) 225 0 $aSozialtheorie 300 $aDescription based upon print version of record. 311 08$a9783837619379 311 08$a3837619370 311 08$a9781322000763 311 08$a132200076X 320 $aIncludes bibliographical references. 327 $a1 Inhalt 5 Einleitung 7 Methode 13 1. THEOREME ZIVIL-MILITA?RISCHER BEZIEHUNGEN 19 2. MILITA?RKULTUR, DIE PRAXISFORMEN DES MILITA?RISCHEN FELDES 43 3. DIE PRAXIS SOZIALER ORDNUNGEN 70 4. ZUR FELDANALYSE 127 5. ZIVIL-MILITA?RISCHE GEWALT 246 Teil III: Resu?mee 271 Anhang 287 Literatur 289 313 330 $aAls politische Institution des Staates und der Gesellschaft prägt das Militär Soldaten und Zivilisten ? und erzeugt den »Homo militaris«. Ulrich vom Hagen widmet sich der spezifischen Kultur des Militärs: In Verbindung der Weber'schen Herrschaftstheorie und der Bourdieu'schen Feldtheorie konzipiert er das Militär als gewaltsame Körperschaft und lässt den Homo militaris dabei als soziologische Figur ? als eine Gestalt institutionalisierter Gewalt ? sichtbar werden. Zur Untersuchung des militärischen Feldes Deutschlands konnten hierfür erstmals Daten einer internen Erhebung der Bundeswehr genutzt werden. Das Buch macht eine kritische Militärsoziologie an die allgemeine Soziologie anschlussfähig. 330 1 $a»Ein anregender Beitrag zur Erforschung der gegenwärtigen deutschen Militärkultur.« 410 0$aSozialtheorie. 517 2 $avom Hagen, Homo militaris$ePerspektiven einer kritischen Militärsoziologie 606 $aMilitär 606 $aViolence 606 $aGewalt 606 $aCulture 606 $aHerrschaft 606 $aPolitical Sociology 606 $aHabitus 606 $aPolitical Science 606 $aKultur 606 $aSociology 606 $aBundeswehr 606 $aMacht 606 $aPolitische Soziologie 606 $aPolitikwissenschaft 606 $aSoziologie 615 4$aMilitär 615 4$aViolence 615 4$aGewalt 615 4$aCulture 615 4$aHerrschaft 615 4$aPolitical Sociology 615 4$aHabitus 615 4$aPolitical Science 615 4$aKultur 615 4$aSociology 615 4$aBundeswehr 615 4$aMacht 615 4$aPolitische Soziologie 615 4$aPolitikwissenschaft 615 4$aSoziologie 676 $a306.27 686 $aMS 8150$2rvk 686 $aMG 15940$2rvk 686 $aLB 49000$2rvk 686 $a300$2sdnb 686 $ac 367.8$2ifzs 700 $avom Hagen$b Ulrich$p

Ulrich vom Hagen, Sozialwissenschaftler und Ministerialreferent, Kanada

$4aut$0996862 801 0$bDE-B1597 801 1$bDE-B1597 906 $aBOOK 912 $a9910265141203321 996 $aHomo militaris$92285900 997 $aUNINA